Sabrina Carpenter - Paroles decode - Statistiques

Statistiques générales
  • Ce quiz a été pris 13 fois
    6 depuis la dernière actualisation
  • Le résultat moyen est 240 sur 306
Statistiques - réponses
Hint Réponse % Correct
a
100%
And
100%
and
100%
Couplet 1 You're
100%
don't
100%
I
100%
it
100%
the
100%
The
100%
you
100%
you?
100%
your
100%
You're
100%
at
75%
away
75%
back,
75%
Bein'
75%
beside
75%
Pré-refrain But
75%
can
75%
chase
75%
confusion
75%
decode
75%
did
75%
Done
75%
else
75%
emasculate
75%
every
75%
fallin',
75%
for
75%
from
75%
Front,
75%
future
75%
gaps
75%
gettin'
75%
givin'
75%
go?
75%
good
75%
had
75%
here
75%
I'm
75%
in
75%
It's
75%
keep
75%
Learnin'
75%
left
75%
let
75%
lookin'
75%
make
75%
me
75%
minute
75%
Post-refrain Mm,
75%
mm
75%
(Mm,
75%
mm)
75%
much,
75%
my
75%
myself,
75%
night
75%
(No,
75%
not
75%
nothin'
75%
nothin',
75%
now
75%
Pré-refrain Now
75%
off
75%
our
75%
Refrain Overanalyzed
75%
Reread
75%
scared
75%
selves
75%
shoulders
75%
signs
75%
silence
75%
single
75%
so
75%
stayin'
75%
that
75%
then
75%
there
75%
There's
75%
there's
75%
tired
75%
to
75%
too
75%
Unpacked
75%
up
75%
video
75%
walk
75%
we
75%
weight
75%
Where
75%
who
75%
why
75%
wonder
75%
word
75%
wrote
75%
cares
50%
wanna
50%
impersonating
50%
indecision
50%
just
50%
old
50%
someone
50%
undertone
50%
Donе
25%
Aucun quiz correspondant
Distribution des résultats
% des personnes avec chaque résultat
Percentile par nombre de réponses
Votre historique - résultats
Vous n’avez pas pris ce quiz depuis la dernière actualisation